| 000 | 00636nam a2200205 4500 | ||
|---|---|---|---|
| 001 | 117877 | ||
| 003 | ES-MaACL | ||
| 005 | 20230906191003.0 | ||
| 007 | t| | ||
| 008 | 070214s1944 ag r ||||1| spa d | ||
| 100 | 1 |
_aPapp, Desiderio. _988881 |
|
| 245 | 1 | 3 |
_aLa doble faz del mundo físico / _cDesiderio Papp. |
| 250 | _aEd. especialmente autorizada por el autor. | ||
| 260 |
_aBuenos Aires : _bEspasa-Calpe Argentina, _c1944. |
||
| 300 |
_a204 p. : _bil. ; _c20 cm. |
||
| 490 | 1 | _aNueva ciencia, nueva técnica | |
| 830 | 0 |
_aNueva ciencia, nueva técnica _9181572 |
|
| 852 |
_aES-MaACL _jD-5895 _bR.31521 |
||
| 999 |
_c117877 _d117877 |
||